Normal view
MARC view
Entry Personal Name
001 - CONTROL NUMBER
- control field: 18643
003 - CONTROL NUMBER IDENTIFIER
- control field: ARRUPE
005 - DATE AND TIME OF LATEST TRANSACTION
- control field: 20150818142822.0
008 - FIXED-LENGTH DATA ELEMENTS
- fixed length control field: 150818|| aca||aabn | a|a d
040 ## - CATALOGING SOURCE
- Original cataloging agency: ARRUPE
- Transcribing agency: ARRUPE
100 ## - HEADING--PERSONAL NAME
- Personal name: Brunner, Fernand
670 ## - SOURCE DATA FOUND
- Source citation: Work cat.: (ARRUPE)93489: Brunner, Fernand, Platonisme et AristotÚlisme